|
|
|
|
| LEADER |
00720nam a22002292a 4500 |
| 001 |
001292829 |
| 003 |
CZ BrMZK |
| 005 |
20130522095320.0 |
| 007 |
ta |
| 008 |
130513s1972 xo er|||||||||||slo d |
| 040 |
|
|
|a BOA001
|b cze
|
| 080 |
9 |
|
|a 93
|
| 080 |
9 |
|
|a (075.2)
|
| 245 |
0 |
0 |
|a Dejepis pre 9. ročník základnej deväťročnej školy /
|c Valéria Dullová ... [et al.]
|
| 250 |
|
|
|a 1. vyd.
|
| 260 |
|
|
|a Bratislava :
|b Slovenské pedagogické nakladateľstvo,
|c 1972
|
| 300 |
|
|
|a 254 s.
|
| 700 |
1 |
|
|a Dullová, Valéria
|7 jx20071219027
|4 aut
|
| 910 |
|
|
|a BOA001
|b 2-0676.140
|
| 990 |
|
|
|a BK
|
| 991 |
|
|
|b 201305
|
| 996 |
7 |
|
|b 2619687585
|c 2-0676.140
|l Sklad H1
|r Sklad / do 24 hodin
|n 1
|h HS212
|w 001327370
|u 000010
|a 1
|e BOA001
|j MZK50
|s A
|